Emilio Colombo - Statistics

Statistiche generali
  • Questo quiz è stato fatto 5 volte
  • Il punteggio medio è 10 su 22
Statistiche sulle risposte
Anni Carica ricoperta % Corretto
1980-1983 Ministro degli esteri
100%
1992-1993 Ministro degli esteri
100%
1970-1972 Presidente del consiglio dei ministri
100%
1946-1992 Deputato
67%
1979-1984 Europarlamentare
67%
1989-1994 Europarlamentare
67%
1968-1968 Ministro del bilancio
67%
1987-1988 Ministro del bilancio
67%
1973-1975 Ministro delle finanze
67%
1963-1970 Ministro del Tesoro
67%
1971-1971 Presidente del consiglio dell'Unione Europea
67%
2003-2013 Senatore a vita
67%
1952-1954 Sindaco di Potenza
67%
1977-1979 Presidente del Parlamento europeo
33%
1972-1973 Ministro con delega per i compiti politici particolari e di coordinamento
0%
1958-1959 Ministro del commercio con l'estero
0%
1972-1972 Ministro della giustizia
0%
1955-1958 Ministro dell'agricoltura e delle foreste
0%
1959-1963 Ministro dell'industria e commercio
0%
1979-1980 Presidente per la commissione degli affari esteri per il Parlamento europeo
0%
1953-1955 Sottosegretario di stato ai Lavori Pubblici
0%
1948-1951 Sottosegretario di stato all'agricoltura e foreste
0%
Nessun quiz corrispondente trovato
Distribuzione punteggi
Percentuale di utenti per punteggio
Percentile per numero di risposta
I tuoi punteggi nel tempo
Non hai fatto questo quiz